PLANT resources of South-East Asia : Bibliography 1 : Pulses
| Other Authors: | , |
|---|---|
| Format: | Book |
| Published: |
Bogor, Indonesai :
PROSEA ,
1990
|
| Edition: | 1st ed. |
| Subjects: |
MARC
| LEADER | 00000cam a2200000 7i4500 | ||
|---|---|---|---|
| 001 | 0000001027 | ||
| 005 | 20131209.0 | ||
| 090 | 0 | 0 | |a R580 |b PLA 1990 |
| 245 | 0 | 0 | |a PLANT resources of South-East Asia : |b Bibliography 1 : Pulses |c editors N. Wulijarni-Soetjipto and J. S. Siemonsma |
| 250 | 0 | 0 | |a 1st ed. |
| 260 | 0 | 0 | |a Bogor, Indonesai : |b PROSEA , |c 1990 |
| 300 | |a 154 p. ; |c 26 cm. | ||
| 650 | 0 | 0 | |a Pulses |x Bibliography |
| 700 | 0 | 1 | |a Siemonsma |h J. S. |
| 700 | 0 | 1 | |a Wulijarni-Soetjipto |h N. |
| 998 | |a JPSM | ||
| 999 | |a 0000002537 |b Monograph |c Reference |e Default branch | ||